| 000 | 00715nam a22001937a 4500 | ||
|---|---|---|---|
| 005 | 20150304150520.0 | ||
| 010 | _aBAC-EN21 | ||
| 020 |
_a9789350365952 _c699.00 |
||
| 035 | _aB-592174-180 | ||
| 037 |
_bUBH/Ven _adpl |
||
| 082 | _a921 | ||
| 100 | _aMenon, Ritu | ||
| 245 |
_aOut of line: _cby Ritu Menon _ba literary and political biography of Nayantara Sahgal/ |
||
| 260 |
_aNoida _bFourth Estate: an imprint of HarperCollins Publishers _c2014 |
||
| 270 |
_aA-75, Sector 57 _bNoida, Uttar Pradesh _e201301, India |
||
| 300 |
_axii, 388p. _c23cm. (pbk) _bB&W photos |
||
| 942 |
_2ddc _cEN _h921 _mMEN |
||
| 999 |
_c89367 _d89367 |
||